| 000 | 00759nam a2200133 4500 | ||
|---|---|---|---|
| 008 | 759.972.8 P364p | ||
| 082 |
_a759.972.8 _bP364p |
||
| 100 |
_aEspIRA / La ESPORA _97310 |
||
| 245 |
_a¡PECA!: _bPintura Emergente ce Centro América |
||
| 260 |
_aNicaragua _bEspIRA / La ESPORA _c2008 |
||
| 300 |
_a80 p. _bil. (col) _c19,5 x 23,5 cm |
||
| 505 |
_tIntroducción _rPatricia Belli _tProyecto de exposición. Egresados del taller de pintura Fase. Costa Rica, C.A. _rJavier Calvo _tEl juego del espíritu: Fernando Alemán _rFernando Alemán Malespín _tEl ser espectador centroamericano _rAlejandro Flores _tLa yegua blanca: Reflexión en dos dimensiones _rDarwin Andino |
||
| 650 |
_xarte contemporáneo _xarte - pintura _xpintura - Centroamérica _xpintura centroamericana _97311 |
||
| 999 |
_c1901 _d1901 |
||